IT department prospectus 2002

Bewaard in:
Bibliografische gegevens
Hoofdauteur: Department of Information Technology
Formaat: Boek
Taal:Undetermined
Gepubliceerd in: HCM City Univ. of Technology 2002
Onderwerpen:
Tags: Voeg label toe
Geen labels, Wees de eerste die dit record labelt!
Thư viện lưu trữ: Trung tâm Học liệu Trường Đại học Cần Thơ
LEADER 00501nam a2200169Ia 4500
001 CTU_53997
008 210402s9999 xx 000 0 und d
082 |a 378 
082 |b D419 
100 |a Department of Information Technology 
245 0 |a IT department prospectus 2002 
245 0 |c Department of Information Technology 
260 |a HCM City 
260 |b Univ. of Technology 
260 |c 2002 
650 |a universities and colleges 
980 |a Trung tâm Học liệu Trường Đại học Cần Thơ